000 00572nam a2200193 i 4500
001 85654
003 ES-MaACL
005 20230906175259.0
007 t|
008 041130s1919 fr ||||1| fre d
100 1 _aJulliot, Ch. L.
_967262
245 1 2 _aL'education de la memoire /
_cCh.L. Julliot.
260 _aParis :
_bFlammarion,
_c1919 (
_fHemmerlé)
300 _a223 p. ;
_c19 cm.
490 1 _aBibliothèque de philosophie scientifique
830 0 _aBibliothèque de philosophie scientifique
_9181135
852 _aES-MaACL
_jF-6406
999 _c85654
_d85654